| 000 | 00543nam a2200169 a 4500 | ||
|---|---|---|---|
| 005 | 20140310183451.0 | ||
| 008 | 090324s19uu xx 00 eng d | ||
| 020 | _a9780071486316 | ||
| 050 |
_aHD 58.5 _b.In66 2008 |
||
| 245 |
_aInnovation power plays : _bhow the world's hottest change agents reach the top of their game / |
||
| 260 |
_aNew York : _bMcGraw-Hill, _c2008. |
||
| 300 |
_a131 p. : _bill. (some col.) ; _c19 cm. |
||
| 521 | _aBSBA | ||
| 650 |
_aTechnological innovations _xManagement. |
||
| 942 |
_cBK _2lcc _kFOR |
||
| 999 |
_c23392 _d23392 |
||